Navegação IFR - Statistics

Estatísticas Gerais
  • Esse quiz foi jogado 149 vezes
  • A pontuação média é 13 de 14
Estatísticas das Respostas
Resposta % Correto
1000 ft min
100%
130 kt (120 kt FL100)
100%
150 kt
100%
330 lb h
100%
96% Ng
100%
1000 ft min
88%
210 kt
88%
260 lb h
88%
+-750 lb ft
88%
180 kt
82%
96% Ng ou 700°C T5
82%
Tabela
82%
Tabela
82%
210 kt
76%
Nenhum quiz correspondente encontrado
Distribuição das Pontuações
Porcentagem de Pessoas com Cada Pontuação
Percentil de Números Respondidos
Sua Pontuação Histórica
Você não jogou esse quiz